APUSH Period 2: Chapter 4 - Statistics

General Stats
  • This quiz has been taken 21 times
  • The average score is 5 of 18
Answer Stats
Definition Terms/People % Correct
Life, liberty, and property Natural Rights
81%
Philosopher, created natural rights John Locke
75%
Founded the Pennsylvania Gazette, became a Diest, one of great thinkers during the Revolutionary Period Benjamin Franklin
63%
A culture movement that emphasized the power of human reason to understand and shape the world Enlightenment
63%
"Principia Mathematica" (1687) - used sciences of math and physics to explain movement of planets, invented calculus Isaac Newton
50%
People that illegally settled on land in hopes of legally acquiring it later on Squatters
50%
People that believed in a supreme being that created the Earth and ran it through natural laws but believed that God stepped back and did not interfere in the World afterward Deism
38%
Ottawa Chief, led uprising in Detroit leads to huge revolt across Great Lakes + Ohio Valley against British Pontiac
25%
Renewal of religious enthuasiam Revival
25%
Minister in Northampton, MA, encouraged religious revival which spread across New England Jonathan Edwards
19%
Modern-thinking members of the the clergy who believed in Enlightenment New Lights
13%
Conservative ministers that condemned the "crying out, faintings, and convulsions" in revivalist meetings; rejected ideas of new ministers Old Lights
13%
Raised living standard - put many in debt Consumer Revolution
6%
Great Awakening - contributed to religious revival George Whitefield
6%
A culture movement intertwined with Evangelical Christian that stressed the individual's personal relationship with God. Pietism
6%
A group of people that demanded an eastern-controlled government provide western districts with more courts for fairer taxation. Regulators
0%
People that rented/worked on land they didn't own Tenancy
0%
Architect of British 7 Year War effort, carried British army in early years of war William Pitt
0%
No matching quizzes found
Score Distribution
Percent of People with Each Score
Percentile by Number Answered
Your Score History
You have not taken this quiz